[Event "Prva liga Centralne Srbije"]
[Site "Smederevska Palanka"]
[Date "2006.09.16"]
[Round "2.5"]
[White "Perunovic, Miodrag"]
[Black "Stankovic, Dragan"]
[Result "1/2-1/2"]
[WhiteElo "2376"]
[BlackElo "2334"]
[PlyCount "173"]
[EventDate "2006.09.16"]

1. e4 c5 2. c3 Nf6 3. e5 Nd5 4. d4 cxd4 5. cxd4 e6 6. Nf3 b6 7. Nc3 Bb7 8. Bd3
Be7 9. O-O O-O 10. Qe2 f5 11. exf6 gxf6 12. Re1 Rf7 13. Be4 Nxc3 14. bxc3 Bxe4
15. Qxe4 Na6 16. a4 Rc8 17. Bd2 Nc7 18. c4 Ne8 19. Rec1 Nd6 20. Qd3 Qc7 21. Bf4
Qb7 22. Bxd6 Bxd6 23. a5 Bf4 24. Rc2 bxa5 25. g3 Bc7 26. Nd2 f5 27. Nb3 f4 28.
Nc5 Qc6 29. Ne4 fxg3 30. hxg3 Bd8 31. Rac1 Be7 32. d5 Qa6 33. Qd4 a4 34. d6 Bd8
35. c5 Qc6 36. Rc4 a3 37. Ra4 Qd5 38. Qe3 a2 39. Ra1 a5 40. R1xa2 Rb8 41. Ra1
Rb3 42. Qe2 Qe5 43. Rd1 h5 44. c6 dxc6 45. d7 Rb2 46. Rd2 Rb1+ 47. Kg2 h4 48.
gxh4 Rb4 49. Rxb4 axb4 50. Qe3 b3 51. Nc5 Qg7+ 52. Qg3 Rf6 53. Qxg7+ Kxg7 54.
Nxb3 e5 55. Nc5 Kf7 56. Nb7 Ke7 57. Nxd8 Kxd8 58. Kg3 c5 59. Kg4 c4 60. Kg5 Rf7
61. Kg6 c3 62. Rc2 Rf4 63. h5 Kxd7 64. Rxc3 Rxf2 65. Rh3 Ke7 66. h6 Rg2+ 67.
Kf5 Rf2+ 68. Kxe5 Rf8 69. Ra3 Re8 70. Rf3 Rf8 71. Rg3 Rh8 72. Rg6 Kf7 73. Kf5
Ra8 74. Rg7+ Kf8 75. Kg6 Ra6+ 76. Kh7 Rf6 77. Rg2 Rf7+ 78. Kh8 Rf6 79. Rg8+ Kf7
80. Rg7+ Kf8 81. Kh7 Rf2 82. Rg8+ Kf7 83. Rg3 Kf8 84. Kh8 Kf7 85. Ra3 Rf1 86.
Ra7+ Kf8 87. h7 1/2-1/2

[Event "Prva liga Centralne Srbije"]
[Site "Smederevska Palanka"]
[Date "2006.09.16"]
[Round "2.5"]
[White "Djoric, Dusan"]
[Black "Miljkovic, Mihajlo"]
[Result "1/2-1/2"]
[WhiteElo "2309"]
[BlackElo "2280"]
[PlyCount "38"]
[EventDate "2006.09.16"]

1. d4 d5 2. c4 c6 3. Nc3 Nf6 4. Nf3 a6 5. a4 Bf5 6. e3 h6 7. Qb3 Ra7 8. a5 e6
9. Qb6 Qxb6 10. axb6 Ra8 11. c5 Nbd7 12. b4 Rb8 13. Be2 Ne4 14. Nxe4 Bxe4 15.
O-O Bxf3 16. Bxf3 g5 17. Bb2 Bg7 18. Be2 O-O 19. Bd3 f5 1/2-1/2

[Event "Prva liga Centralne Srbije"]
[Site "Smederevska Palanka"]
[Date "2006.09.16"]
[Round "2.5"]
[White "Maksimovic, Suzana"]
[Black "Vulicevic, Novica"]
[Result "1-0"]
[WhiteElo "2266"]
[BlackElo "2210"]
[PlyCount "79"]
[EventDate "2006.09.16"]

1. d4 d5 2. Nf3 c6 3. c4 Nf6 4. e3 Bf5 5. Nc3 e6 6. Nh4 Bg6 7. Qb3 Qb6 8. Nxg6
hxg6 9. Bd2 Nbd7 10. Qc2 Qc7 11. g3 Be7 12. Be2 Nb6 13. cxd5 Nbxd5 14. e4 Nxc3
15. Bxc3 Qb6 16. O-O O-O 17. b4 Rfd8 18. a4 Ne8 19. Rfd1 Bf6 20. a5 Qc7 21. a6
b5 22. Bf3 Rab8 23. h4 Qc8 24. Kg2 Rb6 25. h5 gxh5 26. e5 Bg5 27. Rh1 h4 28.
Qe4 Rxa6 29. Rad1 f5 30. exf6 Bxf6 31. Rxh4 Bxh4 32. Qxh4 Nf6 33. d5 cxd5 34.
Bxf6 gxf6 35. Rh1 Kf7 36. Qh7+ Kf8 37. Rh6 e5 38. Qh8+ Kf7 39. Bh5+ Ke7 40.
Qg7+ 1-0

[Event "Prva liga Centralne Srbije"]
[Site "Bozevac"]
[Date "2006.09.16"]
[Round "2.6"]
[White "Petrov, Marijan"]
[Black "Markovic, Zoran S"]
[Result "1-0"]
[WhiteElo "2430"]
[BlackElo "2370"]
[PlyCount "69"]
[EventDate "2006.09.16"]

1. e4 c5 2. Nf3 Nc6 3. d4 cxd4 4. Nxd4 Nf6 5. Nc3 e5 6. Ndb5 d6 7. Nd5 Nxd5 8.
exd5 Nb8 9. c4 Be7 10. Bd3 O-O 11. O-O a6 12. Nc3 f5 13. f3 Nd7 14. Kh1 Bg5 15.
b4 a5 16. a3 axb4 17. Bxg5 Qxg5 18. axb4 Rxa1 19. Qxa1 Qe3 20. Rd1 e4 21. fxe4
Ne5 22. Be2 fxe4 23. Qc1 Qb6 24. Nxe4 Qxb4 25. Qa1 Qb3 26. Nxd6 Bg4 27. Re1 Qb4
28. Bxg4 Nxg4 29. Re7 Qc3 30. Re1 Qb4 31. Ne8 Rf7 32. h3 Nf2+ 33. Kh2 Qxc4 34.
Nxg7 Qc7+ 35. g3 1-0

[Event "Prva liga Centralne Srbije"]
[Site "Bozevac"]
[Date "2006.09.16"]
[Round "2.6"]
[White "Organdziev, Oliver"]
[Black "Trifunovic, Miroljub"]
[Result "1/2-1/2"]
[WhiteElo "2296"]
[BlackElo "2247"]
[PlyCount "102"]
[EventDate "2006.09.16"]

1. e4 e5 2. Nf3 Nc6 3. Bb5 a6 4. Ba4 Nf6 5. O-O b5 6. Bb3 Bc5 7. c3 d6 8. d4
Bb6 9. dxe5 Nxe5 10. Nxe5 dxe5 11. Qxd8+ Kxd8 12. Bxf7 Rf8 13. Bd5 Nxd5 14.
exd5 Bb7 15. a4 Kd7 16. Be3 Bxe3 17. fxe3 Rxf1+ 18. Kxf1 Rf8+ 19. Kg1 Bxd5 20.
axb5 axb5 21. Nd2 Ra8 22. Rxa8 Bxa8 23. e4 Kd6 24. Kf2 Bc6 25. Ke3 Bd7 26. b4
h6 27. Kf3 Be6 28. g4 Ke7 29. h4 Kf6 30. Nf1 c6 31. Ne3 g6 32. Ke2 Ba2 33. g5+
hxg5 34. Ng4+ Ke6 35. hxg5 Kd6 36. Kd2 Be6 37. Ne3 Bf7 38. Kd3 Be8 39. c4 c5
40. Kc3 Bc6 41. cxb5 cxb4+ 42. Kxb4 Bxe4 43. Nc4+ Ke6 44. Kc5 Ba8 45. Ne3 e4
46. Kb6 Kd6 47. Ka7 Kc5 48. Kxa8 Kxb5 49. Ng4 Kc5 50. Ne5 Kd6 51. Nxg6 e3
1/2-1/2

[Event "Prva liga Centralne Srbije"]
[Site "Bozevac"]
[Date "2006.09.16"]
[Round "2.6"]
[White "Cvetkovic, Nemanja"]
[Black "Panic, Nenad"]
[Result "0-1"]
[WhiteElo "2179"]
[BlackElo "2342"]
[PlyCount "86"]
[EventDate "2006.09.16"]

1. d4 Nf6 2. c4 e6 3. Nf3 b6 4. g3 Ba6 5. Nbd2 b5 6. b3 bxc4 7. bxc4 c5 8. e4
Qa5 9. e5 Ne4 10. Bg2 Nc6 11. O-O Nc3 12. Qe1 Rb8 13. dxc5 Bxc5 14. Ne4 Bb4 15.
Nxc3 Bxc3 16. Bd2 Bxd2 17. Nxd2 Nxe5 18. Qe3 Nxc4 19. Qxa7 Qb6 20. Qxb6 Nxb6
21. Rfb1 Ke7 22. a4 d5 23. Bf1 Bxf1 24. Kxf1 Nd7 25. Ke2 Rxb1 26. Rxb1 Ra8 27.
Ra1 Nc5 28. a5 Kd6 29. f4 f6 30. h4 h5 31. Ke3 Ra7 32. Kd4 e5+ 33. fxe5+ fxe5+
34. Kc3 Rc7 35. Kb4 Rb7+ 36. Kc3 e4 37. Rb1 Rc7 38. Rb6+ Ke5 39. Kb4 Nd3+ 40.
Kb5 Rc5+ 41. Ka4 Rc2 42. Nf1 Kd4 43. a6 Ra2+ 0-1

[Event "Prva liga Centralne Srbije"]
[Site "Bozevac"]
[Date "2006.09.16"]
[Round "2.6"]
[White "Zivkovic, Momcilo"]
[Black "Jakovljevic, Zivota"]
[Result "0-1"]
[WhiteElo "2160"]
[BlackElo "2127"]
[PlyCount "102"]
[EventDate "2006.09.16"]

1. e4 e6 2. d4 d5 3. Nd2 Nf6 4. e5 Nfd7 5. Bd3 c5 6. c3 Nc6 7. Ngf3 Be7 8. O-O
Qb6 9. a3 cxd4 10. cxd4 Nxd4 11. Nxd4 Qxd4 12. Nf3 Qb6 13. Qa4 O-O 14. Qg4 f5
15. exf6 Nxf6 16. Qh4 Qd8 17. Bg5 h6 18. Bxf6 Rxf6 19. Qh5 Bd7 20. Ne5 Be8 21.
Qh3 Bf8 22. Rae1 Bd7 23. Re3 Bc5 24. Rf3 Rxf3 25. Qxf3 Qe7 26. Qg4 Be8 27. Kh1
Qf6 28. f4 Bd6 29. Qe2 Bxe5 30. fxe5 Qg5 31. h3 Bg6 32. Bxg6 Qxg6 33. Qb5 Rc8
34. Qxb7 Rc2 35. Rg1 Qf7 36. Qb8+ Kh7 37. a4 Qc7 38. Qxc7 Rxc7 39. b4 Kg6 40.
b5 Kf5 41. Re1 Rc4 42. a5 Rb4 43. Rf1+ Kxe5 44. a6 Rxb5 45. Rf7 Ra5 46. Rxa7
Ke4 47. Rxg7 Rxa6 48. Rg4+ Ke3 49. Rb4 d4 50. g4 d3 51. Kg2 d2 0-1